000
00205 a2200097 4500
001
7559
100
_a
Brade-Birks, A S
245
_a
Instrument Encyclopaedia
260
_a
_b
H P C
_c
090
_c
6053
_d
6053
942
_a
NUST-CAE
_c
M
_c
32549
999
_c
242632
_d
242632